000 00247nam a2200097Ia 4500
001 1049239
005 20250826232309.0
008 250824s9999 xx 000 0 und d
245 0 _aADED İLE MİKDAR
_cİHSAN FAZLIOĞLU
260 _bKETEBE YAYINLARI
999 _c1049239
_d1049239